000
00254nam a2200109Ia 4500
005
20251222175819.0
008
251222s9999||||xx |||||||||||||| ||spa||
082
_a
DVD0070/V17/1954
245
0
_a
Marcelino pan y vino
264
_b
ChamartÃn
942
_c
DVD
999
_c
40443
_d
40443